00865nam a2200169 i 4500001001000000003001000010005001700020008004100037040003000078041000800108100002600116245003700142300005300179520032900232650003000561773010400591768714001CO-MdFUSB20221125180100.0220725t1984 ck |||| |||| 00| 0 spa d bspacCO-MdFUSBdCO-MdFUSB aspa aCapote, Trumaneautor aA sangre fríac/ Truman Capote aVolumen 10, (1984) páginas 389 - 652 ; c22 cm aA sangre fría narra el brutal asesinato de los cuatro miembros de una familia de Kansas. En 1959, un violento crimen sacudió la tranquila vida de Holcomb, Kansas. La sociedad estadounidense de aquellos años quedó conmocionada por un crimen que sugería que cualquiera podía morir asesinado en cualquier momento.  7aLiteratura norteamericana0 067924aOveja Negra, o24699tMaestros de la literatura universal w(CO-MdFUSB)768714001z8482806718